[Event "Dortmund Sparkassen op 50th"]
[Site "Dortmund"]
[Date "2023.07.01"]
[Round "8"]
[White "Garner, Isaac"]
[Black "Guo, Arthur"]
[Result "0-1"]
[WhiteElo "2359"]
[BlackElo "2445"]
[PlyCount "92"]
[EventDate "2023.06.24"]
[EventType "swiss"]
[EventRounds "9"]
[EventCountry "GER"]
[SourceTitle "CBM 215 Extra"]
[Source "ChessBase"]
[SourceDate "2023.09.30"]
[SourceVersion "1"]
[SourceVersionDate "2023.09.30"]
[SourceQuality "1"]

1. Nf3 Nf6 2. c4 e6 3. g3 d5 4. Bg2 dxc4 5. Qa4+ Bd7 6. Qxc4 c5 7. Ne5 Qc8 8. Qd3 Nc6 9. Nxd7 Nxd7 10. Nc3 Be7 11. Qb5 0-0 12. 0-0 a6 13. Qb3 b5 14. d3 Nd4 15. Qd1 Rb8 16. Bd2 Qc7 17. Rc1 Qb6 18. e3 Nc6 19. d4 c4 20. b3 cxb3 21. axb3 Nb4 22. Ne4 Nd5 23. Nc3 Nb4 24. Ne4 Nd5 25. Nc3 N7f6 26. e4 Nxc3 27. Bxc3 Rbc8 28. Qd2 h6 29. e5 Nd5 30. Bxd5 exd5 31. f4 b4 32. Bb2 Qb5 33. Rc2 a5 34. Rfc1 Qa6 35. Rc7 Rxc7 36. Rxc7 Bd8 37. Rc5 a4 38. bxa4 Qxa4 39. Rxd5 Bb6 40. Qc1 Qa6 41. Rd6 Rc8 42. Qf1 Qa2 43. Bc1 Ba7 44. Be3 Qb3 45. Bf2 Qc2 46. Ra6 Qd2 0-1

[Event "Dortmund Sparkassen op 50th"]
[Site "Dortmund"]
[Date "2023.06.28"]
[Round "5"]
[White "Garner, Isaac"]
[Black "Seemann, Jakub"]
[Result "0-1"]
[WhiteElo "2359"]
[BlackElo "2446"]
[PlyCount "144"]
[EventDate "2023.06.24"]
[EventType "swiss"]
[EventRounds "9"]
[EventCountry "GER"]
[SourceTitle "CBM 215 Extra"]
[Source "ChessBase"]
[SourceDate "2023.09.30"]
[SourceVersion "1"]
[SourceVersionDate "2023.09.30"]
[SourceQuality "1"]

1. d4 Nf6 2. Nf3 e6 3. Bf4 d5 4. Nbd2 c5 5. e3 Bd6 6. dxc5 Bxf4 7. exf4 Qc7 8. g3 Qxc5 9. Bd3 0-0 10. 0-0 b6 11. Qe2 Bb7 12. Ne5 Nc6 13. c3 Qe7 14. Nb3 Nd7 15. Nxc6 Bxc6 16. Nd4 Bb7 17. Rfe1 Nc5 18. Bc2 Rfe8 19. Rad1 a5 20. Qg4 Ne4 21. f3 Nd6 22. Qh3 g6 23. f5 e5 24. fxg6 hxg6 25. f4 Ne4 26. fxe5 Qxe5 27. Ba4 Re7 28. Qg2 Rd8 29. Bb5 Kg7 30. Qf3 Rd6 31. Qd3 Qh5 32. Qf3 Qe5 33. Qd3 Rf6 34. Rf1 Rxf1+ 35. Rxf1 Nd6 36. Nf3 Qe3+ 37. Qxe3 Rxe3 38. a4 Nc4 39. Kf2 Re7 40. Rb1 Bc8 41. Nd4 Re5 42. b3 Nd2 43. Re1 Rxe1 44. Kxe1 Ne4 45. c4 dxc4 46. Bxc4 Nd6 47. Bd3 Kf6 48. Kd2 Bh3 49. Ke3 Ke5 50. b4 Bd7 51. bxa5 bxa5 52. Nb5 Nc8 53. Nc3 Nb6 54. Bc2 Be6 55. Bd1 Nc4+ 56. Kd3 Nb2+ 57. Ke3 Nxd1+ 58. Nxd1 Kd5 59. Kd3 Bf5+ 60. Kc3 Ke4 61. Nb2 Be6 62. Nd3 Kf3 63. Nc5 Kg2 64. Nb7 Kxh2 65. Nxa5 Kxg3 66. Nc6 f5 67. a5 f4 68. Nd4 Bc8 69. Kd2 Kg2 70. Nc2 Ba6 71. Ne1+ Kg3 72. Nd3 Bxd3 0-1

[Event "Hamburg HSK IM"]
[Site "Hamburg"]
[Date "2022.05.20"]
[Round "1"]
[White "Garner, Isaac"]
[Black "Kopylov, Daniel"]
[Result "1/2-1/2"]
[WhiteElo "2240"]
[BlackElo "2292"]
[PlyCount "92"]
[EventDate "2022.05.20"]
[EventType "tourn"]
[EventRounds "9"]
[EventCountry "GER"]
[EventCategory "3"]
[SourceTitle "CBM 208 Extra"]
[Source "ChessBase"]
[SourceDate "2022.07.31"]
[SourceVersion "1"]
[SourceVersionDate "2022.07.31"]
[SourceQuality "1"]

1. Nf3 c5 2. c4 Nf6 3. b3 g6 4. Bb2 Bg7 5. g3 b6 6. Bg2 Bb7 7. 0-0 0-0 8. d4 cxd4 9. Qxd4 d6 10. Nc3 Nbd7 11. Qd2 Rc8 12. Ne1 Qc7 13. e4 Nc5 14. f3 Rfd8 15. Nd3 e6 16. Bh3 h5 17. Rad1 h4 18. Qf2 Nh5 19. Nb5 Qe7 20. Bxg7 Kxg7 21. Nf4 Rh8 22. Qb2+ Kg8 23. Nxh5 Rxh5 24. g4 Rh8 25. Nxd6 Rd8 26. e5 a5 27. a3 Bc6 28. b4 axb4 29. axb4 Nd7 30. f4 Kg7 31. Bg2 Bxg2 32. Qxg2 h3 33. Qg3 Ra8 34. Ra1 f6 35. g5 Rxa1 36. gxf6+ Nxf6 37. Rxa1 Nh5 38. Qe3 Rf8 39. Qxh3 Rxf4 40. Kh1 Rf8 41. Qe3 Qh4 42. Ne4 Rf5 43. Ra7+ Kg8 44. Ra8+ Kg7 45. Ra7+ Kg8 46. Ra8+ Kg7 1/2-1/2

[Event "Wch U16 blitz"]
[Site "Rhodes"]
[Date "2022.05.03"]
[Round "9"]
[White "Garner, Isaac"]
[Black "Pidluznij, Gleb"]
[Result "1-0"]
[WhiteElo "2283"]
[BlackElo "2044"]
[PlyCount "67"]
[EventDate "2022.05.03"]
[EventType "swiss (blitz)"]
[EventRounds "9"]
[EventCountry "GRE"]
[SourceTitle "CBM 208 Extra"]
[Source "ChessBase"]
[SourceDate "2022.07.31"]
[SourceVersion "1"]
[SourceVersionDate "2022.07.31"]
[SourceQuality "1"]

1. e4 c5 2. Nf3 Nc6 3. d4 cxd4 4. Nxd4 Nf6 5. Nc3 e5 6. Ndb5 d6 7. Bg5 a6 8. Bxf6 gxf6 9. Na3 b5 10. Nd5 f5 11. g3 fxe4 12. Bg2 Bg7 13. Bxe4 0-0 14. c3 Rb8 15. Nc2 f5 16. Bg2 Ne7 17. Ncb4 Bb7 18. Nxe7+ Qxe7 19. Nc6 Qc7 20. Bd5+ Kh8 21. Nxb8 Qxb8 22. 0-0 Bc8 23. a4 f4 24. f3 Bh3 25. Rf2 Qb6 26. axb5 axb5 27. Ra8 Rxa8 28. Bxa8 fxg3 29. hxg3 Bh6 30. f4 exf4 31. gxf4 Bxf4 32. Qf3 Qe3 33. Qxf4 Qe1+ 34. Kh2 1-0

[Event "Hamburg-chT Landesliga 2122"]
[Site "Hamburg"]
[Date "2022.04.03"]
[Round "8.2"]
[White "Grote, Dirk"]
[Black "Garner, Isaac"]
[Result "0-1"]
[WhiteElo "2068"]
[BlackElo "2137"]
[PlyCount "94"]
[EventDate "2021.10.31"]
[EventType "team-tourn"]
[EventRounds "9"]
[EventCountry "GER"]
[SourceTitle "EXT 2023"]
[Source "ChessBase"]
[SourceDate "2022.10.05"]
[SourceVersion "1"]
[SourceVersionDate "2022.10.05"]
[SourceQuality "1"]
[WhiteTeam "St Pauli III"]
[BlackTeam "Hamburger SK VI"]
[WhiteTeamCountry "GER"]
[BlackTeamCountry "GER"]

1. d4 Nf6 2. Nf3 d5 3. c4 e6 4. Nc3 dxc4 5. Qa4+ c6 6. Qxc4 b5 7. Qd3 a6 8. Bg5 Nbd7 9. e4 h6 10. Bh4 b4 11. Na4 Be7 12. Be2 Bb7 13. 0-0 c5 14. e5 Nd5 15. Bxe7 Qxe7 16. Nxc5 Nxc5 17. dxc5 Qxc5 18. Rfc1 Qe7 19. a3 0-0 20. axb4 Nf4 21. Qd2 Nxe2+ 22. Qxe2 Qxb4 23. Qc4 Qxc4 24. Rxc4 Rfb8 25. b4 Bd5 26. Rd4 a5 27. bxa5 Rxa5 28. Re1 Ra3 29. Rf4 Rb2 30. h4 Raa2 31. Nd4 g6 32. Rc1 Rb7 33. Kh2 Kg7 34. Kg3 Rd2 35. Re1 Rbb2 36. Rf1 Rd3+ 37. Kh2 g5 38. hxg5 hxg5 39. Rg4 Kg6 40. f4 Rxd4 41. f5+ exf5 42. Rxd4 Rxg2+ 43. Kh3 g4+ 44. Kh4 Be6 45. Ra4 Rd2 46. Kg3 Kg5 47. Ra3 Bd5 0-1

[Event "GER-chT U14"]
[Site "Willingen"]
[Date "2021.06.26"]
[Round "6.1"]
[White "Eilenberg, Jonas"]
[Black "Garner, Isaac"]
[Result "1/2-1/2"]
[WhiteElo "2126"]
[BlackElo "2095"]
[PlyCount "59"]
[EventDate "2021.06.23"]
[EventType "team-swiss"]
[EventRounds "7"]
[EventCountry "GER"]
[SourceTitle "EXT 2022"]
[Source "ChessBase"]
[SourceDate "2021.10.06"]
[SourceVersion "1"]
[SourceVersionDate "2021.10.06"]
[SourceQuality "1"]
[WhiteTeam "Koenigsjaeger Sued West"]
[BlackTeam "Hamburger SK"]
[WhiteTeamCountry "GER"]
[BlackTeamCountry "GER"]

1. d4 Nf6 2. c4 e6 3. Nc3 Bb4 4. Bd2 c5 5. d5 0-0 6. f3 d6 7. e4 Nbd7 8. Nge2 Ne5 9. Ng3 exd5 10. Nxd5 Nxd5 11. cxd5 Bxd2+ 12. Qxd2 f5 13. 0-0-0 fxe4 14. Nxe4 Bf5 15. Bd3 Nxd3+ 16. Qxd3 Bxe4 17. Qxe4 Qg5+ 18. Kb1 Rae8 19. Qc2 Re3 20. Rhe1 Rfe8 21. Rxe3 Rxe3 22. a3 Qe5 23. Rd2 b5 24. Rd3 Re2 25. Rd2 Re1+ 26. Rd1 Re2 27. Rd2 Re1+ 28. Rd1 Re3 29. Rd3 Re2 30. Rd2 1/2-1/2

[Event "GER-chT Christmas U16 Lasker"]
[Site "Playchess.com INT"]
[Date "2020.12.28"]
[Round "5.2"]
[White "Ohler, Julius"]
[Black "Garner, Isaac"]
[Result "0-1"]
[WhiteElo "2010"]
[BlackElo "2095"]
[PlyCount "80"]
[EventDate "2020.12.28"]
[EventType "team-swiss (blitz)"]
[EventRounds "7"]
[EventCountry "GER"]
[SourceTitle "CBM 200 Extra"]
[Source "ChessBase"]
[SourceDate "2021.03.31"]
[SourceVersion "1"]
[SourceVersionDate "2021.03.31"]
[SourceQuality "1"]
[WhiteTeam "Kastellaun"]
[BlackTeam "Hamburger SK"]
[WhiteTeamCountry "GER"]
[BlackTeamCountry "GER"]

1. d4 Nf6 2. c4 e6 3. Nf3 d5 4. Nc3 dxc4 5. e3 a6 6. Bxc4 b5 7. Bd3 Bb7 8. 0-0 Nbd7 9. a3 c5 10. dxc5 Nxc5 11. Bc2 Be7 12. b4 Nce4 13. Bb2 0-0 14. Nxe4 Nxe4 15. Bb3 Rc8 16. Rc1 Rxc1 17. Qxc1 Qa8 18. Qa1 Bf6 19. Bxf6 Nxf6 20. Qd1 Rc8 21. Qe2 Ne4 22. Nd4 Nf6 23. f3 Bd5 24. Qd3 Bxb3 25. Nxb3 Qd5 26. Qxd5 Nxd5 27. e4 Ne3 28. Rb1 Rc2 29. g3 g6 30. Nc5 a5 31. Rb3 Rg2+ 32. Kh1 Re2 33. Kg1 a4 34. Rd3 Nc4 35. Nb7 Ra2 36. Nd6 Rxa3 37. Rxa3 Nxa3 38. Kf2 Nc2 39. Nxb5 a3 40. Nc3 Nxb4 0-1

[Event "DSOL 01 Liga Final 1st"]
[Site "Playchess.com INT"]
[Date "2020.08.27"]
[Round "1.2"]
[White "Gerland, Felix"]
[Black "Garner, Isaac"]
[Result "1-0"]
[WhiteElo "2198"]
[BlackElo "2101"]
[PlyCount "61"]
[EventDate "2020.06.22"]
[EventType "team-k.o. (rapid)"]
[EventCountry "GER"]
[SourceTitle "EXT 2021"]
[Source "ChessBase"]
[SourceDate "2020.10.23"]
[SourceVersion "1"]
[SourceVersionDate "2020.10.23"]
[SourceQuality "1"]
[WhiteTeam "Rinteln"]
[BlackTeam "Hamburger SK"]
[WhiteTeamCountry "GER"]
[BlackTeamCountry "GER"]

1. c4 Nf6 2. Nf3 g6 3. b3 Bg7 4. Bb2 0-0 5. g3 d6 6. Bg2 e5 7. 0-0 Nc6 8. Nc3 h6 9. d4 e4 10. Ne1 Bf5 11. Nc2 Qd7 12. Qd2 Bh3 13. d5 Ne5 14. f4 exf3 15. exf3 Bf5 16. Ne3 Bh3 17. f4 Bxg2 18. fxe5 Bxf1 19. exf6 Bxf6 20. Rxf1 Bg7 21. Ncd1 f5 22. Bxg7 Kxg7 23. Ng2 g5 24. Nde3 Rae8 25. h4 f4 26. gxf4 Qh3 27. hxg5 hxg5 28. fxg5 Rxf1+ 29. Nxf1 Re5 30. Qf4 Re2 31. Nfe3 1-0

[Event "DSOL 01 Liga Gr-C 1st"]
[Site "Playchess.com INT"]
[Date "2020.07.31"]
[Round "6.2"]
[White "Garner, Isaac"]
[Black "Kardoeus, David"]
[Result "1/2-1/2"]
[WhiteElo "2101"]
[BlackElo "2141"]
[PlyCount "71"]
[EventDate "2020.06.22"]
[EventType "team-tourn (rapid)"]
[EventCountry "GER"]
[SourceTitle "EXT 2021"]
[Source "ChessBase"]
[SourceDate "2020.10.23"]
[SourceVersion "1"]
[SourceVersionDate "2020.10.23"]
[SourceQuality "1"]
[WhiteTeam "Hamburger SK"]
[BlackTeam "Werder Bremen II"]
[WhiteTeamCountry "GER"]
[BlackTeamCountry "GER"]

1. e4 c5 2. Nf3 Nc6 3. d4 cxd4 4. Nxd4 Nf6 5. Nc3 e5 6. Ndb5 d6 7. Nd5 Nxd5 8. exd5 Ne7 9. c4 Ng6 10. Qa4 Bd7 11. Qb4 Qb8 12. h4 h5 13. Be3 b6 14. g3 Be7 15. Be2 f5 16. a4 f4 17. Bd3 0-0 18. Bd2 Bf5 19. Bxf5 Rxf5 20. 0-0-0 a6 21. Nc3 Qc7 22. Kb1 Rc8 23. b3 fxg3 24. fxg3 Rf3 25. Ne4 Qd7 26. Bg5 Qf5 27. Rhe1 a5 28. Qxb6 Bxg5 29. hxg5 Rxg3 30. Ka1 Rg2 31. Qxd6 Kh7 32. Qe6 Qf3 33. Nf6+ gxf6 34. Qd7+ Kg8 35. Qe6+ Kg7 36. Qd7+ 1/2-1/2

[Event "GER-ch Net Amateur Gr-A Vor3"]
[Site "Playchess.com INT"]
[Date "2020.04.16"]
[Round "5"]
[White "Fromm, Marius"]
[Black "Garner, Isaac"]
[Result "1-0"]
[WhiteElo "2020"]
[BlackElo "1845"]
[PlyCount "71"]
[EventDate "2020.04.16"]
[EventType "swiss (blitz)"]
[EventRounds "9"]
[EventCountry "GER"]
[SourceTitle "CBM 195 Extra"]
[Source "ChessBase"]
[SourceDate "2020.05.31"]
[SourceVersion "1"]
[SourceVersionDate "2020.05.31"]
[SourceQuality "1"]

1. Nf3 Nf6 2. c4 g6 3. Nc3 Bg7 4. g3 0-0 5. Bg2 d6 6. d4 Nc6 7. 0-0 a6 8. Bf4 Rb8 9. Rc1 b5 10. cxb5 axb5 11. Nxb5 Rxb5 12. Rxc6 Rxb2 13. Rc2 Rxc2 14. Qxc2 Bf5 15. Qb2 Qb8 16. Qc3 Nd5 17. Qc4 Nxf4 18. gxf4 Qa7 19. e3 Rb8 20. Ng5 Rf8 21. Rc1 h6 22. Nf3 Be4 23. Qxc7 Qxa2 24. Qxe7 d5 25. Ne5 Bxe5 26. dxe5 Qe2 27. Bxe4 dxe4 28. Qd7 Ra8 29. h3 Ra2 30. Qd8+ Kh7 31. Qh4 Qf3 32. e6 Kg7 33. exf7 Kxf7 34. Rc7+ Ke6 35. Qe7+ Kd5 36. Qe5# 1-0

[Event "GER-ch Net Amateur Gr-A Vor2"]
[Site "Playchess.com INT"]
[Date "2020.04.15"]
[Round "1"]
[White "Garner, Isaac"]
[Black "Yankelevich, Michael"]
[Result "1/2-1/2"]
[WhiteElo "1840"]
[BlackElo "2070"]
[PlyCount "142"]
[EventDate "2020.04.15"]
[EventType "swiss (blitz)"]
[EventRounds "9"]
[EventCountry "GER"]
[SourceTitle "CBM 196 Extra"]
[Source "ChessBase"]
[SourceDate "2020.07.31"]
[SourceVersion "1"]
[SourceVersionDate "2020.07.31"]
[SourceQuality "1"]

1. e4 c5 2. Nf3 Nc6 3. d4 cxd4 4. Nxd4 e5 5. Nb5 a6 6. Nd6+ Bxd6 7. Qxd6 Qe7 8. Qd1 Nf6 9. Nc3 Nd4 10. a3 0-0 11. Bg5 h6 12. Be3 Ne6 13. Be2 b5 14. Qd2 Bb7 15. 0-0-0 Rfd8 16. Nd5 Nxd5 17. exd5 Nf8 18. f4 d6 19. fxe5 dxe5 20. d6 Qe6 21. Bb6 Rd7 22. h3 Qa2 23. Qb4 Ne6 24. Bg4 Rc8 25. Rhe1 e4 26. Bxe6 Qxe6 27. Bc7 e3 28. Kb1 Bxg2 29. Qd4 Bf3 30. Rxe3 Qxe3 31. Qxe3 Bxd1 32. Qb6 Bf3 33. Qxa6 Rdxc7 34. dxc7 Rxc7 35. Qxb5 Re7 36. b3 Be4 37. Kb2 f5 38. Qb8+ Kh7 39. Qd8 Rf7 40. a4 f4 41. Qd4 Bg6 42. a5 f3 43. Qf2 Be4 44. a6 g5 45. a7 h5 46. b4 Bb7 47. c4 Kg6 48. b5 g4 49. hxg4 hxg4 50. c5 Re7 51. c6 Re2+ 52. Qxe2 fxe2 53. cxb7 e1Q 54. b8Q Qd2+ 55. Kb3 Qd3+ 56. Kb4 Qd4+ 57. Ka5 Qc3+ 58. Kb6 Qd4+ 59. Kb7 Qd5+ 60. Kc7 Qc5+ 61. Kd7 Qf5+ 62. Ke7 Qf7+ 63. Kd6 Qf4+ 64. Kc6 Qe4+ 65. Kb6 Qd4+ 66. Kb7 Qd5+ 67. Kc8 Qe6+ 68. Kd8 Qf6+ 69. Kd7 Qf5+ 70. Kc6 Qe4+ 71. Kb6 Qd4+ 1/2-1/2

[Event "GER-ch Net Amateur Gr-A Vor1"]
[Site "Playchess.com INT"]
[Date "2020.04.14"]
[Round "8"]
[White "Isele, Thomas"]
[Black "Garner, Isaac"]
[Result "1-0"]
[WhiteElo "1830"]
[BlackElo "1620"]
[PlyCount "123"]
[EventDate "2020.04.14"]
[EventType "swiss (blitz)"]
[EventRounds "9"]
[EventCountry "GER"]
[SourceTitle "EXT 2021"]
[Source "ChessBase"]
[SourceDate "2020.10.23"]
[SourceVersion "1"]
[SourceVersionDate "2020.10.23"]
[SourceQuality "1"]

1. e4 c5 2. Nf3 Nc6 3. d3 Nf6 4. g3 e6 5. Bg2 Be7 6. 0-0 0-0 7. Re1 d6 8. c3 Bd7 9. Nbd2 Qc7 10. Nb3 Rac8 11. d4 cxd4 12. Nbxd4 Nxd4 13. Nxd4 e5 14. Nc2 h6 15. Ne3 Bc6 16. Nf5 Rfd8 17. Nxe7+ Qxe7 18. Qe2 Re8 19. b3 d5 20. exd5 Bxd5 21. c4 Bxg2 22. Kxg2 b5 23. cxb5 Qb7+ 24. Kg1 Nd5 25. Bb2 Nb4 26. Rec1 Qd5 27. Bc3 Nd3 28. Rc2 Qxb5 29. Rd1 e4 30. Ba1 Rxc2 31. Qxc2 Qf5 32. Qe2 Ne5 33. Bxe5 Qxe5 34. Re1 Qc3 35. Qe3 Qxe3 36. Rxe3 f5 37. f3 Rc8 38. fxe4 fxe4 39. Rxe4 Rc2 40. Ra4 Rc7 41. Ra6 Kf7 42. Kg2 Rc2+ 43. Kh3 Rc7 44. Kh4 g6 45. Kg4 Rb7 46. Kf3 Kg7 47. Ke4 Kf7 48. Kd5 Rd7+ 49. Kc6 Re7 50. b4 Re5 51. b5 Re6+ 52. Kb7 Re7+ 53. Kb8 Re5 54. Rxa7+ Kf6 55. a4 Re3 56. Rc7 Ra3 57. Rc4 Ra2 58. h4 g5 59. hxg5+ hxg5 60. b6 Ke5 61. b7 Kd6 62. Kc8 1-0

[Event "GER-chT U14"]
[Site "Magdeburg"]
[Date "2019.12.28"]
[Round "3.1"]
[White "Garner, Isaac"]
[Black "Abed, Karim"]
[Result "1-0"]
[WhiteElo "2040"]
[BlackElo "1513"]
[PlyCount "77"]
[EventDate "2019.12.27"]
[EventType "team-swiss"]
[EventRounds "7"]
[EventCountry "GER"]
[SourceTitle "CBM 194 Extra"]
[Source "ChessBase"]
[SourceDate "2020.03.31"]
[SourceVersion "1"]
[SourceVersionDate "2020.03.31"]
[SourceQuality "1"]
[WhiteTeam "Hamburger SK"]
[BlackTeam "Koenigsjaeger Sued West"]
[WhiteTeamCountry "GER"]
[BlackTeamCountry "GER"]

1. e4 c5 2. Nf3 Nc6 3. d4 cxd4 4. Nxd4 g6 5. c4 Bg7 6. Be3 Nf6 7. Nc3 d6 8. Be2 0-0 9. 0-0 Bd7 10. Rc1 Rc8 11. f3 a6 12. Qd2 h5 13. Rfd1 Ne5 14. b3 Qc7 15. Nd5 Nxd5 16. cxd5 Qb8 17. h3 Rxc1 18. Rxc1 Bc8 19. Qb4 Nd7 20. Qc4 Nb6 21. Qc7 Qxc7 22. Rxc7 Na8 23. Rc1 Bd7 24. b4 Rc8 25. Rxc8+ Bxc8 26. b5 Nc7 27. b6 Bxd4 28. Bxd4 Ne8 29. f4 Nf6 30. Bf3 Nd7 31. e5 Kh7 32. Kf2 f6 33. e6 Nf8 34. Bxf6 Kg8 35. Bxe7 Bd7 36. Bxf8 Kxf8 37. exd7 Ke7 38. Be4 Kxd7 39. Bxg6 1-0